ر سو ل کر یم صلی ا للہ و علیہ و سلم کی سماجی زندگی' (Record no. 148005)

MARC details
000 -LEADER
fixed length control field 00743nam a22001937a 4500
005 - DATE AND TIME OF LATEST TRANSACTION
control field 20171214161548.0
010 ## - LCCN (DPL NO)
LC control number UR-9976
020 ## - INTERNATIONAL STANDARD BOOK NUMBER
Terms of availability 100.00
International Standard Book Number -
035 ## - SYSTEM CONTROL NUMBER
System control number U-8531
037 ## - SOURCE OF ACQUISITION
Source of stock number/acquisition DBAD/PUB
100 ## - MAIN ENTRY--PERSONAL NAME
Personal name متن طا ر ق با غپتی
245 ## - TITLE STATEMENT
Title ر سو ل کر یم صلی ا للہ و علیہ و سلم کی سماجی زندگی'
Statement of responsibility, etc متن طا ر ق با غپتی
246 ## - VARYING FORM OF TITLE
Remainder of title Rasool Kareem S.A.W.Ki Samaji Zindagi
Title proper/short title by Mateen Tariq Baghpati
260 ## - PUBLICATION, DISTRIBUTION, ETC. (IMPRINT)
Place of publication, distribution, etc New Delhi
Name of publisher, distributor, etc Markazi Maktaba Islami Publishers
Date of publication, distribution, etc 2017
270 ## - ADDRESS
Address D-307,Dawat Nagar,Abul Fazal Enclave,Jamia Ngr.
City N.Delhi
Postal code 110025
Telephone number -
Fax number -
300 ## - PHYSICAL DESCRIPTION
Extent 312ص
Dimensions 22 Cm.(B.b)
500 ## - GENERAL NOTE
General note دو حصہ
942 ## - ADDED ENTRY ELEMENTS (KOHA)
Source of classification or shelving scheme Dewey Decimal Classification
Item type Urdu Bks
Classification part 270
Call number suffix م ح م
Holdings
Withdrawn status Lost status Not for loan Collection code Home library Current library Date acquired Source of acquisition Cost, normal purchase price Full call number Barcode Copy number Cost, replacement price Koha item type
    Not For Loan Non-fiction D.B.Act.Division D.B.Act.Division 14/12/2017 DBAD/PUB. 100.00 270 م ح م U-8531 1 100.00 Urdu Bks

© Delhi Public Library
Hit Counter
free hit counter